00759nam a2200205 a 450000100100000000500170001000800410002702000180006804000250008608200130011111000560012424500890018024600480026926000310031730000440034870000230039204900090041595201120042499900170053600002397920210420113209.0110118s2005 xxuad 000 0 spa d a9789280639286 aDO-SdBNPbspacBNPHU axxxbxxx aFondo de las Naciones Unidas para la Infancia9927010aUn llamados :bniños y niñas el rostro oculto del sida /cNick Corby...[et.al.].10aNiños y niñas el rostro oculto del sida aNew York :bUNICEF,c2005. a25 p. :bil., gráf., retrs. ;c30 cm.1 aCorby, Nick949319 aBNPD 0010507-18MOaPDbPDcOId2011-01-18iLF1l0oxxx xxxp23979-10r2020-06-25w2020-06-25y1ZNo se presta c23474d23474